T03 駅名クイズ - 「あ」から始まる駅 ver. - Statistics

General Stats
  • This quiz has been taken 88 times
  • The average score is 155 of 471
Answer Stats
Answer % Correct
90%
相生
83%
熱海
76%
新井
76%
朝霞
74%
赤坂
71%
秋田
69%
朝霞台
69%
阿蘇
69%
青山
67%
芦原
67%
赤坂見附
64%
赤羽
64%
安芸
64%
姉ケ崎
64%
安房鴨川
64%
青山一丁目
62%
明石
62%
62%
尼崎
62%
綾瀬
62%
粟生
60%
浅草
60%
朝日
60%
芦屋
60%
荒井
60%
阿波池田
60%
安城
60%
会津若松
57%
阿佐ケ谷
57%
麻生
57%
淡路
57%
相川
55%
会津坂下
55%
愛野
55%
昭島
55%
秋葉原
55%
浅草橋
55%
浅野
55%
熱田
55%
我孫子
55%
綾川
55%
愛子
55%
荒尾
55%
会津田島
52%
青森
52%
足立
52%
愛宕
52%
厚木
52%
阿南
52%
網走
52%
安倍川
52%
安房小湊
52%
芦原温泉
52%
赤井
50%
赤羽岩淵
50%
秋川
50%
秋津
50%
浅香
50%
旭川
50%
麻布十番
50%
足利
50%
朝来
50%
網干
50%
鮎川
50%
荒木
50%
安房天津
50%
安中
50%
安中榛名
50%
青井
48%
英賀保
48%
阿久根
48%
上ゲ
48%
上尾
48%
厚狭
48%
朝倉
48%
芦原橋
48%
芦屋川
48%
飛鳥
48%
阿倍野
48%
甘木
48%
荒川一中前
48%
荒川沖
48%
有田
48%
阿波海南
48%
相老
45%
愛知御津
45%
会津高原尾瀬口
45%
逢妻
45%
相原
45%
青砥
45%
青葉
45%
赤城
45%
安部
45%
綾部
45%
荒川区役所前
45%
荒川車庫前
45%
荒川二丁目
45%
あいの里教育大
43%
青山町
43%
赤井川
43%
赤羽橋
43%
安積永盛
43%
あさぎり
43%
朝霧
43%
厚岸
43%
穴川
43%
穴水
43%
穴守稲荷
43%
阿仁合
43%
安茂里
43%
有明
43%
阿波座
43%
安善
43%
あいの里公園
40%
青葉台
40%
安食
40%
安達
40%
足立小台
40%
熱田神宮伝馬町
40%
熱田神宮西
40%
安土
40%
安曇川
40%
穴吹
40%
荒川遊園地前
40%
淡路町
40%
会津川口
38%
青物横丁
38%
赤池
38%
吾野
38%
赤湯
38%
あき亀山
38%
阿久比
38%
あざみ野
38%
足尾
38%
あしかがフラワーパーク
38%
芦別
38%
味美
38%
吾妻
38%
あつみ温泉
38%
あぶくま
38%
尼崎センタープール前
38%
天橋立
38%
雨晴
38%
新木
38%
有馬温泉
38%
会津山村道場
36%
姶良
36%
青島
36%
あおば通
36%
安芸津
36%
安芸中野
36%
曙橋
36%
浅川
36%
足利市
36%
味鋺
36%
薊野
36%
穴生
36%
我孫子町
36%
嵐山
36%
新瑞橋
36%
有馬口
36%
愛甲石田
33%
会津高田
33%
会津柳津
33%
相見
33%
赤塚
33%
赤間
33%
浅香山
33%
朝潮橋
33%
旭川四条
33%
鰺ケ沢
33%
穴太
33%
安平
33%
新井薬師前
33%
荒川七丁目
33%
有明テニスの森
33%
安房勝山
33%
阿波加茂
33%
阿波富田
33%
愛・地球博記念公園
31%
会津本郷
31%
相野
31%
愛別
31%
青葉通一番町
31%
青堀
31%
青海
31%
赤土小学校前
31%
赤目口
31%
秋山
31%
朝陽
31%
芦ヶ久保
31%
安治川口
31%
阿曽
31%
油津
31%
天津
31%
菖蒲池
31%
安和
31%
会津荒海
29%
会津宮下
29%
相内
29%
あかおか
29%
あかぢ
29%
阿下喜
29%
朝倉街道
29%
味岡
29%
足柄
29%
芦ノ牧温泉
29%
網代
29%
飛鳥山
29%
安曇追分
29%
安曇沓掛
29%
厚保
29%
左沢
29%
阿仁マタギ
29%
天ケ瀬
29%
網野
29%
荒子
29%
荒砥
29%
粟井
29%
阿波川島
29%
粟津
29%
会津蒲生
26%
藍那
26%
粟生津
26%
青谷
26%
赤木
26%
26%
赤嶺
26%
阿木
26%
安芸川尻
26%
阿漕
26%
安里
26%
浅海
26%
旭ヶ丘
26%
旭ケ丘
26%
浅利
26%
阿字ヶ浦
26%
阿知須
26%
阿品
26%
芦原町
26%
安栖里
26%
阿蘇下田城
26%
新鹿
26%
厚床
26%
穴山
26%
我孫子前
26%
安部山公園
26%
海士有木
26%
尼ヶ辻
26%
あまや
26%
餘部
26%
荒子川公園
26%
阿波大宮
26%
相生山
24%
合川
24%
会津水沼
24%
アイランド北口
24%
アイランドセンター
24%
青柳
24%
赤川
24%
赤碕
24%
赤平
24%
赤星
24%
阿川
24%
安芸幸崎
24%
あきた白神
24%
安芸長束
24%
安子ケ島
24%
旭橋
24%
朝熊
24%
浅海井
24%
あすなろう四日市
24%
足羽
24%
愛宕橋
24%
阿仁前田温泉
24%
尼ヶ坂
24%
尼子
24%
綾羅木
24%
新井宿
24%
新居町
24%
荒本
24%
有壁
24%
粟野
24%
阿波福井
24%
阿波山川
24%
あわら湯のまち
24%
安足間
24%
安堂
24%
相賀
21%
愛環梅坪
21%
会津越川
21%
会津坂本
21%
会津下郷
21%
会津豊川
21%
会津中川
21%
会津長野
21%
会津西方
21%
会津桧原
21%
藍本
21%
青野ケ原
21%
明科
21%
暁学園前
21%
赤渕
21%
安芸長浜
21%
安芸矢口
21%
阿倉川
21%
明智
21%
曙町
21%
上松
21%
朝日ヶ丘
21%
浅虫温泉
21%
海鹿島
21%
梓橋
21%
吾桑
21%
浅水
21%
安比高原
21%
安登
21%
兄畑
21%
我孫子道
21%
天見
21%
余目
21%
鮎貝
21%
荒島
21%
新屋
21%
有井
21%
有栖川
21%
有間川
21%
有松
21%
あわくら温泉
21%
粟島(大阪屋ショップ前)
21%
秋鹿町
19%
愛知大学前
19%
会津大塩
19%
相月
19%
会津塩沢
19%
会津横田
19%
愛本
19%
赤岩口
19%
赤坂田
19%
上道
19%
安芸阿賀
19%
あき総合病院前
19%
芦ノ牧温泉南
19%
阿蘇白川
19%
姉別
19%
甘地
19%
新野
19%
阿波大谷
19%
阿波半田
19%
相ノ木
17%
青井岳
17%
青塚
17%
青郷
17%
青原
17%
青部
17%
赤倉温泉
17%
赤坂上
17%
赤瀬
17%
赤野
17%
鮎喰
17%
明戸
17%
明野
17%
曙町東町
17%
朝倉駅前
17%
朝地
17%
朝菜町
17%
朝日野
17%
朝里
17%
芦川
17%
味坂
17%
足羽山公園口
17%
阿田和
17%
厚内
17%
厚別
17%
穴内
17%
穴部
17%
油川
17%
荒瀬
17%
荒浜
17%
有井川
17%
在良
17%
阿波川口
17%
阿波橘
17%
愛大医学部南口
14%
青倉
14%
青沼
14%
青野山
14%
青葉山
14%
青柳町
14%
赤迫
14%
赤堀
14%
朝倉神社前
14%
旭駅前通
14%
旭町一丁目
14%
旭町三丁目
14%
阿左美
14%
芦沢
14%
阿品東
14%
足守
14%
東田
14%
東田坂上
14%
アスモ前
14%
網引
14%
油田
14%
油日
14%
阿母崎
14%
余子
14%
綾織
14%
綾ノ町
14%
荒町
14%
荒屋新町
14%
荒谷前
14%
有佐
14%
阿波川端
14%
阿波中島
14%
安針塚
14%
安立町
14%
相浦
12%
赤水
12%
秋田港(臨)
12%
朝日大塚
12%
旭前
12%
足ケ瀬
12%
足滝
12%
芦野公園
12%
アプトいちしろ
12%
あやめ公園
12%
荒河かしの木台
12%
荒田八幡
12%
荒畑
12%
有明湯江
12%
有岡
12%
有戸
12%
有畑
12%
粟ヶ崎
12%
相野々
10%
青笹
10%
朝日通
10%
有峰口
10%
阿波赤石
10%
No matching quizzes found
Score Distribution
Percent of People with Each Score
Percentile by Number Answered
Your Score History
You have not taken this quiz